000 00656nam a2200205 4500
001 124252
003 ES-MaACL
005 20230906192344.0
007 t|
008 070214s1966 sp r ||||1| spa d
100 1 _aRees, Paul K.
_995852
245 1 0 _aAlgebra intermedia /
_cPaul K. Rees, Fred W. Sparks ; traducción y adaptación Manuel Lansac Samper, Tomás Gómez de Dios.
250 _a3ª ed.
260 _aMadrid :
_bDel Castillo,
_c1966.
300 _a340 p. ;
_c24 cm.
700 1 _aSparks, Fred W.
_9107644
700 1 _aLansac Samper, Manuel.
_970093
700 1 _aGómez de Dios, Tomás.
_957891
852 _aES-MaACL
_jC-31557
_bR.61504
999 _c124252
_d124252